Text book of hydraulic machines (Record no. 10732)

000 -LEADER
fixed length control field 00441nam a22001817a 4500
001 - CONTROL NUMBER
control field 10732
003 - CONTROL NUMBER IDENTIFIER
control field BD-DhUET
008 - FIXED-LENGTH DATA ELEMENTS--GENERAL INFORMATION
fixed length control field 150209b xxu||||| |||| 00| 0 eng d
040 ## - CATALOGING SOURCE
Transcribing agency 0
Modifying agency BD-DhUET
082 ## - DEWEY DECIMAL CLASSIFICATION NUMBER
Classification number 621.2
Item number KHU/1985
100 ## - MAIN ENTRY--PERSONAL NAME
Personal name Khurmi, R. S.
245 ## - TITLE STATEMENT
Title Text book of hydraulic machines
250 ## - EDITION STATEMENT
Edition statement 14th ed.
260 ## - PUBLICATION, DISTRIBUTION, ETC. (IMPRINT)
Place of publication, distribution, etc. New Delhi
Name of publisher, distributor, etc. S. Chand
Date of publication, distribution, etc. 1985
300 ## - PHYSICAL DESCRIPTION
Extent vii, v.p.
Other physical details ill.
650 #0 - SUBJECT ADDED ENTRY--TOPICAL TERM
Topical term or geographic name as entry element Hydraulic Machines
942 ## - ADDED ENTRY ELEMENTS (KOHA)
Koha item type General Book
Holdings
Koha item type Piece designation (barcode) Price effective from Copy number Koha date last seen Lost status Shelving location Damaged status Not for loan Sublocation or collection (holding branch) Koha normalized classification for sorting Location (home branch) Withdrawn status Koha full call number Source of classification or shelving scheme Date acquired
General Book641292015-02-0912015-02-09 Circulation section  Central Library, BUET621_200000000000000_KHU_1985Central Library, BUET 621.2/KHU/1985 2015-02-09
General Book641542015-02-0922015-02-09 Circulation section  Central Library, BUET621_200000000000000_KHU_1985Central Library, BUET 621.2/KHU/1985 2015-02-09
General Book641422015-02-0932015-02-09 Circulation section  Central Library, BUET621_200000000000000_KHU_1985Central Library, BUET 621.2/KHU/1985 2015-02-09
General Book566852015-02-0942015-02-09 Circulation section  Central Library, BUET621_200000000000000_KHU_1985Central Library, BUET 621.2/KHU/1985 2015-02-09
General Book641552015-02-0952015-06-22 Circulation section  Central Library, BUET621_200000000000000_KHU_1985Central Library, BUET 621.2/KHU/1985 2015-02-09
General Book641322015-02-0962015-02-09 Circulation section  Central Library, BUET621_200000000000000_KHU_1985Central Library, BUET 621.2/KHU/1985 2015-02-09
General Book641362015-02-0972015-02-09 Circulation section  Central Library, BUET621_200000000000000_KHU_1985Central Library, BUET 621.2/KHU/1985 2015-02-09
General Book641532015-02-0982015-02-09 Circulation section  Central Library, BUET621_200000000000000_KHU_1985Central Library, BUET 621.2/KHU/1985 2015-02-09
General Book641342015-02-0992015-02-09 Circulation section  Central Library, BUET621_200000000000000_KHU_1985Central Library, BUET 621.2/KHU/1985 2015-02-09
General Book641502015-02-09102015-02-09 Circulation section  Central Library, BUET621_200000000000000_KHU_1985Central Library, BUET 621.2/KHU/1985 2015-02-09
General Book641372015-02-09112015-02-09 Circulation section  Central Library, BUET621_200000000000000_KHU_1985Central Library, BUET 621.2/KHU/1985 2015-02-09
General Book641392015-02-09122015-02-09 Circulation section  Central Library, BUET621_200000000000000_KHU_1985Central Library, BUET 621.2/KHU/1985 2015-02-09